|
|
|
|
| LEADER |
00000cam a2200000 a 4500 |
| 001 |
UCD0643 |
| 003 |
CL-VaPUC |
| 008 |
151204e19440000ag |||||||||||||||||spa|d |
| 082 |
0 |
4 |
|a 221
|b ANT
|2 21
|
| 245 |
1 |
3 |
|a El Antiguo Testamento
|
| 250 |
|
|
|a 2a. ed
|
| 300 |
|
|
|a t
|
| 942 |
|
|
|c BK
|
| 945 |
|
|
|d 20151204 12:43:00
|a gsalatino
|
| 260 |
|
|
|a Buenos Aires
|b Guadalupe
|c 1944
|
| 650 |
|
7 |
|a TEXTOS BIBLICOS
|2 CL-VaPUC
|9 399275
|
| 650 |
|
0 |
|a Textos sagrados
|9 257605
|
| 650 |
|
0 |
|a Antiguo testamento
|9 313678
|
| 650 |
|
0 |
|a Biblia
|9 257603
|
| 583 |
|
|
|a last modification
|c 20151204 12:43:00
|k Rodrigo Vera
|
| 999 |
|
|
|c 362106
|d 362104
|
| 952 |
|
|
|0 0
|1 0
|3 erd
|4 0
|6 221_000000000000000_ANT_1944
|7 0
|8 P
|9 472978
|a BIBTEO
|b BIBTES
|c TEO_FTES
|h t.1
|i 5272629
|o 221 ANT 1944
|p 5272629
|r 2024-01-18
|w 2019-11-24
|y BK
|z Catalogado en:20151204
|k ICR
|
| 952 |
|
|
|0 0
|1 0
|3 erd
|4 0
|6 221_000000000000000_ANT_1944
|7 0
|8 P
|9 472979
|a BIBTEO
|b BIBTES
|c TEO_FTES
|h t.2
|i 5272637
|o 221 ANT 1944
|p 5272637
|r 2024-01-18
|w 2019-11-24
|y BK
|z Catalogado en:20151204
|k ICR
|
| 952 |
|
|
|0 0
|1 0
|3 erd
|4 0
|6 221_000000000000000_ANT_1944
|7 0
|8 P
|9 472980
|a BIBTEO
|b BIBTES
|c TEO_FTES
|h t.3
|i 5272645
|o 221 ANT 1944
|p 5272645
|r 2024-01-18
|w 2019-11-24
|y BK
|z Catalogado en:20151204
|k ICR
|
| 952 |
|
|
|0 0
|1 0
|3 erd
|4 0
|6 221_000000000000000_ANT_1944
|7 0
|8 P
|9 472981
|a BIBTEO
|b BIBTES
|c TEO_FTES
|h t.4
|i 5272653
|o 221 ANT 1944
|p 5272653
|r 2024-01-18
|w 2019-11-24
|y BK
|z Catalogado en:20151204
|k ICR
|